[Event "Budapest FS03 GM-2"]
[Site "Budapest"]
[Date "2024.03.14"]
[Round "1"]
[White "Rohit, Krishna S"]
[Black "Pacher, Milan"]
[Result "0-1"]
[WhiteElo "2410"]
[BlackElo "2393"]
[PlyCount "64"]
[EventDate "2024.03.14"]
[EventType "tourn"]
[EventRounds "9"]
[EventCountry "HUN"]
[EventCategory "7"]
[SourceTitle "CB15_2024"]
[SourceDate "2024.04.10"]
[SourceVersion "1"]
[SourceVersionDate "2024.04.10"]
[SourceQuality "1"]

1. d4 d5 2. c4 dxc4 3. Nf3 Nf6 4. e3 e6 5. Bxc4 c5 6. 0-0 a6 7. Bb3 Nc6 8. Nc3 b5 9. d5 exd5 10. a4 Nb4 11. axb5 Be7 12. Ne5 0-0 13. Nc6 Nxc6 14. bxc6 Be6 15. f4 d4 16. Bxe6 fxe6 17. Ne2 Qb6 18. Ra4 dxe3 19. Bxe3 Ng4 20. Qd7 Nxe3 21. Qxe6+ Kh8 22. Qxe3 Qxc6 23. Rc4 Rfe8 24. Qd3 Bf6 25. Qc2 Qe6 26. Rf2 Rad8 27. Rxc5 Qe3 28. Rh5 h6 29. g4 Rd2 30. Qc6 Bd4 31. Kh1 Rd1+ 32. Ng1 Rxg1+ 0-1

[Event "SVK-chT 2324"]
[Site "Slovakia"]
[Date "2023.12.09"]
[Round "3.5"]
[White "Schwarz, Dusan"]
[Black "Pacher, Milan"]
[Result "1/2-1/2"]
[WhiteElo "2310"]
[BlackElo "2388"]
[PlyCount "86"]
[EventDate "2023.11.04"]
[EventType "team-tourn"]
[EventRounds "11"]
[EventCountry "SVK"]
[SourceTitle "CB04_2024"]
[SourceDate "2023.10.16"]
[SourceVersion "1"]
[SourceVersionDate "2023.10.16"]
[SourceQuality "1"]
[WhiteTeam "Humenne Reinter"]
[BlackTeam "Modra"]
[WhiteTeamCountry "SVK"]
[BlackTeamCountry "SVK"]

1. d4 d5 2. c4 dxc4 3. Nf3 a6 4. e3 b5 5. a4 Bb7 6. b3 e6 7. bxc4 bxc4 8. Bxc4 Nf6 9. 0-0 Nbd7 10. Qe2 c5 11. Bb2 Be7 12. Nbd2 0-0 13. Rfd1 Qb8 14. Rab1 Qa7 15. a5 Rab8 16. Ba3 Nd5 17. Bxd5 Bxd5 18. e4 Bc6 19. d5 Bb5 20. Nc4 exd5 21. exd5 Bf6 22. Qc2 Qc7 23. Nb6 Nxb6 24. axb6 Qxb6 25. Qxc5 Qxc5 26. Bxc5 Rfd8 27. d6 Rbc8 28. Bb6 Rd7 29. Bc7 g6 30. Re1 h5 31. Ne5 Rdxc7 32. dxc7 Rxc7 33. f4 Kg7 34. Rec1 Re7 35. Rc5 g5 36. g3 h4 37. Rd1 hxg3 38. hxg3 gxf4 39. gxf4 Bxe5 40. Rxe5 Rxe5 41. fxe5 Kg6 42. Rd6+ Kf5 43. Rf6+ Kxe5 1/2-1/2

[Event "Budapest FS11 GM"]
[Site "Budapest"]
[Date "2023.11.11"]
[Round "7"]
[White "Panesar, Vedant"]
[Black "Pacher, Milan"]
[Result "1-0"]
[WhiteElo "2391"]
[BlackElo "2388"]
[PlyCount "57"]
[EventDate "2023.11.04"]
[EventType "tourn"]
[EventRounds "9"]
[EventCountry "HUN"]
[EventCategory "6"]
[SourceTitle "CB47_2023"]
[SourceDate "2023.11.22"]
[SourceVersion "1"]
[SourceVersionDate "2023.11.22"]
[SourceQuality "1"]

1. e4 e6 2. d4 d5 3. Nc3 Bb4 4. e5 c5 5. a3 Bxc3+ 6. bxc3 Nc6 7. Qg4 g6 8. a4 Bd7 9. h4 h6 10. Nf3 Qa5 11. Bd2 c4 12. Qf4 Rh7 13. g3 0-0-0 14. Bg2 Rf8 15. Nh2 Qd8 16. Ng4 b6 17. 0-0 Kb7 18. Bc1 Na5 19. Ba3 Re8 20. Bd6 Bc6 21. Bb4 Ka6 22. Qc1 Qd7 23. Qa3 h5 24. Ne3 Ne7 25. Rfb1 Nf5 26. Nf1 Ba8 27. Bxa5 Kxa5 28. Rb5+ Ka6 29. a5 1-0